000
00350nam a2200133Ia 4500
008
151001s9999||||xx |||||||||||||| ||und||
100
_a
ना ह आपटे
245
_a
जवानांचा जीवनधर्म
250
_a
1
260
_b
आपटे आणि मंडळीÇ
260
_c
1962
300
_a
128
365
_b
7
999
_c
953154
_d
953151